Missing Word: '90s Albums (A-Z) Quiz Stats

Quiz Updated Oct 8, 2017

Challenge
Share
Tweet
Embed
Score 0/25 Timer 04:00
0 Plays Today
Album Word % Correct
...Baby One More ____Time
95.5%
__ Need to ArgueNo
88.6%
The Slim _____ LPShady
86.7%
So Far So ____Good
86.1%
______ and GentlemenLadies
84.4%
(_____ the Story) Morning Glory?What's
80.5%
____ the FaithKeep
79.3%
MTV Unplugged in New ____York
79.2%
______ Little Pill Jagged
78%
___ of Light Ray
70.6%
__ ComputerOK
54.6%
_____ BoxMusic
48.3%
_________ for the People Automatic
45.7%
Album Word % Correct
Wowee ______Zowee
45.3%
Use Your ________ IIllusion
41.2%
_____ the Wu-Tang (36 Chambers)Enter
40.6%
The ______ and the ShapeColour
38%
_______ into YouFalling
34.7%
_____ HymnsUrban
30.4%
_____ RevolutionQuiet
30.3%
_____ NastyHello
29.2%
Fear of a Black ______Planet
23.7%
Angel ____Dust
20.1%
____ LinesBlue
19.2%
International ______Velvet
13.6%

Today's Daily Dose

You're not logged in!

Compare scores with friends on all Sporcle quizzes.
Sign Up with Email
OR
Log In

You Might Also Like...

Show Comments

Extras

Top Quizzes Today


Score Distribution

Your Account Isn't Verified!

In order to create a playlist on Sporcle, you need to verify the email address you used during registration. Go to your Sporcle Settings to finish the process.